| 000 | 00979nam a22003137a 4500 | ||
|---|---|---|---|
| 003 | DO-SdBNP | ||
| 005 | 20230928090115.0 | ||
| 008 | 0607212007 sp ac spa | ||
| 017 |
_a _b |
||
| 020 | _a8498156521 | ||
| 035 | _a | ||
| 040 |
_aBPMSU _bspa _cBPMSU _e |
||
| 082 | 4 |
_a759.6 _bG724H 2007 _222 |
|
| 100 | 1 |
_aHagen, Rose-Marie. _d1746-1828 |
|
| 245 | 1 | 0 |
_aFrancisco de Goya : _b1746-1828 / _cRose Marie Hagen, Rainer Hagen ; traducción José García Aquisgrán _h |
| 246 | 1 | 4 | _aGoya |
| 260 |
_aBarcelona : _bEl País, _c2007 _e _f |
||
| 300 |
_a96 p. : _bil., retrs ; _c24 cm. |
||
| 504 | _aBibliográfica p: 96 | ||
| 590 | _6Inventariado, 2022/VM | ||
| 600 | 1 | 4 |
_aGoya, Francisco de _d1746-1828 _xTrabajos pictóricos |
| 650 | 4 |
_aPintura española _vCatálogos _x |
|
| 650 | 4 | _aPintores españoles. | |
| 700 | 1 |
_aHagen, Rainer, _d1928-. |
|
| 700 | 1 |
_aGarcía, José _etr. |
|
| 910 | _aYLOCKWARD/VMateo V./Validado | ||
| 942 |
_2ddc _cBK |
||
| 980 |
_a _a _b _j _c |
||
| 999 |
_c12798 _d12798 |
||